| 000 | 00944nab a22002297a 4500 | ||
|---|---|---|---|
| 999 |
_c5971 _d5971 |
||
| 003 | OSt | ||
| 005 | 20260114152950.0 | ||
| 008 | 190605e xxu||||| |||| 00| 0 spa d | ||
| 040 | _cPJ | ||
| 100 |
_aPrieto Fasano, Andrés _96805 |
||
| 245 | 1 | 0 |
_aTrabajo esencial. 110.a Conferencia Internacional del Trabajo (OIT) / _cAndrés Prieto Fasano. |
| 260 |
_aCiudad Autónoma de Buenos Aires : _bThomson Reuters La Ley, _c2022. |
||
| 300 | _ap. 7--9 | ||
| 500 | _aCita: TR LALEY AR/DOC/2449/2022. | ||
| 505 | _t¿Te interesa el texto completo? Solicitalo al correo: koha@justierradelfuego.gov.ar | ||
| 650 | 0 |
_91316 _aDERECHO LABORAL |
|
| 650 | 0 |
_95233 _aPANDEMIA |
|
| 650 | 0 |
_91570 _aDERECHOS DEL TRABAJADOR |
|
| 650 | 0 |
_94925 _aORGANIZACION INTERNACIONAL DEL TRABAJO |
|
| 773 | 0 |
_02711 _93168 _dCiudad Autónoma de Buenos Aires : Thomson Reuters La Ley, 1999-2002. _tRevista de derecho del trabajo. Nº 5 - Septiembre 2022 |
|
| 942 |
_2udc _cANA |
||